Statistiche per Riconosci lo Stato - Quiz n°36

Clicka qui per fare il quiz!

Statistiche generali

  • Questo quiz è stato fatto 9 volte
  • Il punteggio medio è 10 su 12

Statistiche sulle risposte

IndizioRisposta% Corretto
ValutaPeso
100%
Indipendenzadalla Spagna, 12 giugno 1898
dagli Stati Uniti, 4 luglio 1946
89%
Iniziale della CapitaleM
89%
ISU0,644
78%
Popolazione110.703.120 ab.
78%
Tasso di crescita1,35%
78%
PIL (nominale)250 182 milioni di $
78%
Superficie300 000 km²
78%
Presidente della RepubblicaFerdinand Marcos Jr.
78%
RispostaFilippine
78%
Forma di GovernoRepubblica presidenziale
78%
Fuso OrarioUTC+8
78%

Distribuzione punteggi

Percentile per numero di risposta

Percentuale di utenti per punteggio

I tuoi punteggi nel tempo

Non hai fatto questo quiz